| 000 | 00942nam a2200265 a 4500 | ||
|---|---|---|---|
| 001 | 25509 | ||
| 003 | CO-ViMGA | ||
| 008 | 141112s2004 ck r 000 u spa d | ||
| 015 | _ack - 2013 - xxxx | ||
| 020 | _a9789587710182 | ||
| 040 |
_aCO-ViMGA _bspa _cCO-ViMGA |
||
| 041 | _aspa | ||
| 082 | 0 | 4 | _a158.7 P84 |
| 245 | 1 | 0 |
_aPsicología organizacional : _bperspectivas y avances / _cJuan Carlos Carvajal ... [et al.] ; compiladoras Leonor Emilia Delgado Abella, Marilyn Vanegas García |
| 250 | _a1a. ed. | ||
| 260 |
_aColombia : _bEcoe Ediciones, _c2013 |
||
| 300 | _axi, 222 p. ; 24 cm | ||
| 490 | _aCiencias humanas. Psicología | ||
| 504 | _aBilbiografía al final de cada capitulo | ||
| 650 | 1 | 4 |
_aPsicología industrial _947676 |
| 700 | 1 |
_aCarvajal, Juan Carlos _938953 |
|
| 917 | _a2013 - 9779 2 ejemplares | ||
| 942 |
_2ddc _cBK |
||
| 990 | _a2013 - 9779 Ecoe Ediciones 2 ejemplares 21 29/10/2013 a849016 24/10/2013 22/10/2013 | ||
| 999 |
_c33092 _d33092 |
||